00305 a2200133 4500001000700000020002200007040001100029100002100040240003800061245003300099300000700132362000900139440002300148186597 a978-85-7319-696-2 cMagnum aFranco, Olívia10aQuantos nomes tem um menino?lpor10aQuantos nomes tem um menino? a240 a2011 1aAo Livro Técnico